000 01166nam a22003497a 4500
003 CHAP
005 20220329143713.0
008 110309s1993 mx a r 00010 spa d
010 _a100617
011 _a101589
020 _a9787213507
035 _a112277
040 _cCHAP
082 0 4 _a634.9097212
_bP96
100 0 0 _aPuig, Henri.
_992956
245 1 0 _aÁrboles y arbustos del bosque mesófilo de montaña de la Reserva el Cielo, Tamaulipas, México
_c/por Henri Puig
260 _aXalapa, Ver. :
_bInstituto de Ecología,
_c1993
300 _a84 p. :
_bilus.
590 _aBATCH-UPD
_b10
_c20130110
_lUCH01
_h0858
590 _aBATCH-UPD
_b10
_c20130410
_lUCH01
_h0528
590 _aBATCH-UPD
_b10
_c20130914
_lUCH01
_h0724
590 _aCONVERSION
_b10
_c20130109
_lUCH01
_h1355
650 1 4 _aÁrboles
_xIdentificación.
_982437
650 1 4 _aArbustos
_xTamaulipas.
_96746
650 1 4 _aÁreas protegidas.
_982451
650 1 4 _aBosques
_xTamaulipas.
_914397
650 1 4 _aRecursos naturales
_zTamaulipas.
_995334
901 _aBK
911 _aen proceso
942 _cLIBRO
949 _a634.9097212 P96
_bBC
_cLIBRO
_d33724002231736
_eLIBRO
_h114347
_i112277
_si
999 _c100617
_d100617